LIBRARY & INFORMATION CENTRE, KCAET, TAVANUR

ONLINE PUBLIC ACCESS CATALOGUE (OPAC)

Animal behaviour : Its evolutionary and neurological basis / (Record no. 2354)

MARC details
000 -LEADER
fixed length control field 00511cam a2200193ua 4500
041 ## - LANGUAGE CODE
Language code of text/sound track or separate title eng
082 ## - DEWEY DECIMAL CLASSIFICATION NUMBER
Classification number 636
Item number DET/AN
100 ## - MAIN ENTRY--AUTHOR NAME
Personal name Dethiar, U.G .
245 ## - TITLE STATEMENT
Title Animal behaviour : Its evolutionary and neurological basis /
250 ## - EDITION STATEMENT
Edition statement 1 /
260 ## - PUBLICATION, DISTRIBUTION, ETC. (IMPRINT)
Place of publication New Delhi :
Name of publisher Prentice Hall of India Pvt Ltd. ,
Year of publication 1963.
300 ## - PHYSICAL DESCRIPTION
Number of Pages 118 ; .
700 1# - ADDED ENTRY--PERSONAL NAME
Personal name Stellar, Eliot .
942 ## - ADDED ENTRY ELEMENTS (KOHA)
Koha item type Books
Holdings
Withdrawn status Lost status Damaged status Home library Current library Date acquired Full call number Accession Number Koha item type
      KAUAET KAUAET 07/04/2012 636 10795 Books
free website counter